LIBRARY & INFORMATION CENTRE, KCAET, TAVANUR

ONLINE PUBLIC ACCESS CATALOGUE (OPAC)

Hand book of biogas technology / (Record no. 13436)

MARC details
000 -LEADER
fixed length control field 00506cam a2200193ua 4500
041 ## - LANGUAGE CODE
Language code of text/sound track or separate title eng
082 ## - DEWEY DECIMAL CLASSIFICATION NUMBER
Classification number 665.776
Item number SHI/HA
100 ## - MAIN ENTRY--AUTHOR NAME
Personal name Shilpkar, Prateek .
245 ## - TITLE STATEMENT
Title Hand book of biogas technology /
260 ## - PUBLICATION, DISTRIBUTION, ETC. (IMPRINT)
Place of publication Udaypur :
Name of publisher Agro-tech publishing academy ,
Year of publication 2009.
300 ## - PHYSICAL DESCRIPTION
Number of Pages ; .
700 1# - ADDED ENTRY--PERSONAL NAME
Personal name Shilpkar, Deepti .
942 ## - ADDED ENTRY ELEMENTS (KOHA)
Koha item type Books
Holdings
Withdrawn status Lost status Damaged status Home library Current library Date acquired Full call number Accession Number Koha item type
      KAUAET KAUAET 07/04/2012 665.776 SHI/HA 22163 Books
      KAUAET KAUAET 07/04/2012 665.776 SHI/HA 22094 Books
free website counter